Building schools for the future (Record no. 120706)

MARC details
000 -LEADER
fixed length control field 01001cai a22001935a 4500
001 - CONTROL NUMBER
control field L145411
008 - FIXED-LENGTH DATA ELEMENTS--GENERAL INFORMATION
fixed length control field 081006u xxk g 000 0 eng d
035 ## - SYSTEM CONTROL NUMBER
System control number (Sirsi) u145411
041 0# - LANGUAGE CODE
Language code of text/sound track or separate title eng
110 2# - MAIN ENTRY--CORPORATE NAME
Corporate name or jurisdiction name as entry element United Kingdom
Subordinate unit Department for Children, Schools and Families
9 (RLIN) 5533
245 00 - TITLE STATEMENT
Title Building schools for the future
Medium [electronic resource]
520 ## - SUMMARY, ETC.
Summary, etc. Section of the teacher.net website provides information on the Building Schools for the Future (BSF) programme. Gives access to the programme, the latest news, forms, case studies and a knowledge portal of policy documents. Links to BSF portal and Partnership for the Schools.
590 ## - LOCAL NOTE (RLIN)
Local note KA
650 24 - SUBJECT ADDED ENTRY--TOPICAL TERM
Topical term or geographic name entry element BUILDING SCHOOLS FOR THE FUTURE
651 #4 - SUBJECT ADDED ENTRY--GEOGRAPHIC NAME
Geographic name England
Chronological subdivision 886-
690 ## - LOCAL SUBJECT ADDED ENTRY--TOPICAL TERM (OCLC, RLIN)
Topical term or geographic name as entry element BUILT ENVIRONMENT-BUILDING TYPES-EDUCATIONAL, INFORMATION AND SCIENTIFIC FACILITIES
856 40 - ELECTRONIC LOCATION AND ACCESS
Uniform Resource Identifier <a href="https://www.teachernet.gov.uk/management/resourcesfinanceandbuilding/bsf/">https://www.teachernet.gov.uk/management/resourcesfinanceandbuilding/bsf/</a>
Public note View the microsite free of charge online at www.teachernet.gov.uk...
942 ## - ADDED ENTRY ELEMENTS (KOHA)
Suppress in OPAC 0
Holdings
Withdrawn status Lost status Source of classification or shelving scheme Damaged status Not for loan Home library Current library Shelving location Date acquired Total Checkouts Full call number Barcode Date last seen Copy number Price effective from Koha item type
    Dewey Decimal Classification     Virtual Virtual Online 06/10/2008   ONLINE PUBLICATION 145411-2001 06/08/2019 1 06/08/2019 Online material